000 00826nam a2200277 i 4500
001 000032584
003 DO-SdBNP
005 20240905154141.0
007 ta
008 110719s1965 dr 000 0 spa d
040 _aDO-SdBNP
_bspa
_cBNPHU
_erda
049 _aBNPD
082 4 _bF825r
_222
100 1 _aFranco, Franklin J.,
_919014
_4aut.
_eautor
245 1 0 _aRepública Dominicana :
_bclases, crisis y comandos /
_cFranklin J. Franco.
260 _bs.n.,
_c1965
264 _a[Santo Domingo :
_beditor no identificado,
_c1965].
300 _a260 páginas ;
_c17 cm.
336 _atexto
_btxt
_2rdacontent
337 _asin mediación
_bn
_2rdamedia
338 _avolumen
_bnc
_2rdacarrier
490 1 _aPremio
586 _aPremio Ensayo Casas de las Américas
590 _aInventariado, 2024/B
942 _2ddc
_cLBS1
999 _c32075
_d32075